Religions in India by Number - Statistics

General Stats
  • This quiz has been taken 519 times
  • The average score is 5 of 6
Answer Stats
Followers Religion % Correct
827,578,868 Hinduism
100%
138,188,240 Islam
98%
24,080,016 Christianity
90%
19,215,730 Sikhism
80%
7,955,207 Buddhism
75%
4,225,053 Jainism
65%
No matching quizzes found
Score Distribution
Percent of People with Each Score
Percentile by Number Answered
Your Score History
You have not taken this quiz